| 000 | 00346nam a2200145Ia 4500 | ||
|---|---|---|---|
| 005 | 20251222152612.0 | ||
| 008 | 251222s9999||||xx |||||||||||||| ||spa|| | ||
| 020 | _a8495710277 | ||
| 082 | _a800/I52 | ||
| 100 | _aInfante, José | ||
| 245 | 0 | _aDías sin Música | |
| 250 | _a1ra.ed. | ||
| 264 | _bUniversidad Popular José Hierro | ||
| 942 | _cLIB | ||
| 999 |
_c27035 _d27035 |
||